Le Management (Record no. 49783)
[ view plain ]
| 000 -LEADER | |
|---|---|
| fixed length control field | 00725nam a22002057a 4500 |
| 008 - FIXED-LENGTH DATA ELEMENTS--GENERAL INFORMATION | |
| fixed length control field | 111011t xxu||||| |||| 00| 0 eng d |
| 020 ## - INTERNATIONAL STANDARD BOOK NUMBER | |
| International Standard Book Number | 978-2-7081-3093-7 |
| 040 ## - CATALOGING SOURCE | |
| Original cataloging agency | BUAC |
| Transcribing agency | CDIRSP |
| 041 ## - LANGUAGE CODE | |
| Language code of text/sound track or separate title | Fr |
| 100 ## - MAIN ENTRY--PERSONAL NAME | |
| Personal name | MINTZBERG, Henry |
| 9 (RLIN) | 19549 |
| 245 ## - TITLE STATEMENT | |
| Title | Le Management |
| Remainder of title | : voyage au centre des organisations |
| Statement of responsibility, etc | / Henry MINTZBERG, Jean- Michel BEBAR, Nathalie TREMBLAY |
| 250 ## - EDITION STATEMENT | |
| Edition statement | 2 è Ed. |
| Remainder of edition statement | Revue et corrigée |
| 260 ## - PUBLICATION, DISTRIBUTION, ETC. (IMPRINT) | |
| Place of publication, distribution, etc | Paris : |
| Name of publisher, distributor, etc | EYROLLES, |
| Date of publication, distribution, etc | 2004 |
| 300 ## - PHYSICAL DESCRIPTION | |
| Extent | 703 p. |
| 440 ## - SERIES STATEMENT/ADDED ENTRY--TITLE | |
| Title | (Editions d'Organisation) |
| 9 (RLIN) | 19550 |
| 650 ## - SUBJECT ADDED ENTRY--TOPICAL TERM | |
| Topical term or geographic name as entry element | Gestion : Organisation |
| 9 (RLIN) | 19551 |
| 653 ## - INDEX TERM--UNCONTROLLED | |
| Uncontrolled term | Management des organisations, |
| -- | Fonctionnement |
| 700 ## - ADDED ENTRY--PERSONAL NAME | |
| Personal name | BEBAR Jean- Michel , TREMBLAY Nathalie |
| Titles and other words associated with a name | Trad. |
| 9 (RLIN) | 19552 |
| 942 ## - ADDED ENTRY ELEMENTS (KOHA) | |
| Item type | Livre |
| Withdrawn status | Lost status | Damaged status | Not for loan | Location (home branch) | Sublocation or collection (holding branch) | Date acquired | Source of acquisition | Koha issues (times borrowed) | Koha full call number | Piece designation (barcode) | Koha date last seen | Copy number | Price effective from | Koha item type |
|---|---|---|---|---|---|---|---|---|---|---|---|---|---|---|
| Centre de Documentation et d'Information de l'Institut Regional Santé Publique | Centre de Documentation et d'Information de l'Institut Regional Santé Publique | 12/10/2011 | Don | HD 30.23 MIN | 4422CDIRSP | 12/10/2011 | 1 | 12/10/2011 | Livre | |||||
| Centre de Documentation et d'Information de l'Institut Regional Santé Publique | Centre de Documentation et d'Information de l'Institut Regional Santé Publique | 12/10/2011 | Achat | HD 30.23 MIN | 4615CDIRSP | 12/10/2011 | 1 | 12/10/2011 | Livre | |||||
| Centre de Documentation et d'Information de l'Institut Regional Santé Publique | Centre de Documentation et d'Information de l'Institut Regional Santé Publique | 12/10/2011 | Achat | HD 30.23 MIN | 4616CDIRSP | 12/10/2011 | 1 | 12/10/2011 | Livre exclu du prêt |